000 00531cam a2200205ua 4500
001 5661
008 160624n1990 II |||gr||||Z||||||eng
040 _aMAIN
041 _aEnglish
100 _aBHUYAN, BAIDYANATH.
245 _aMODERN APPROACH TO CHEMISTRY (PART II)
250 _a3RD.
260 _aNEW DELHI
_bKALYANI PUBLISHERS
_c1990
300 _a790:
_c24CM.
653 _aChemistry & allied sciences
700 _aBHUYAN, BAIDYANATH.,
_eAuthor.,
700 _aBARUA, SUDARSAN.
700 _aSHARMA, Y. R.
942 _cBK
999 _c5646
_d5646